000 00886nam a2200193 a 4500
008 120416s1983 ||||||||||||||||| || u
050 _aHD 31 Blu
100 _aBlunt, Peter
245 1 0 _aOrganisational theory and behaviour
246 _aan African perspective
260 _aNew York
_bLongman
_c1983
350 _a0.00
650 _aORGANIZATIONAL BEHAVIOUR
650 _aORGANIZATIONAL THEORY
650 0 _aMANAGEMENT
995 _D0.00
_FCBU-MAIN LIBRARY (Kitwe)
_H2
_I10.80
_M1
_UAVAILABLE
_ZMain Library Open Access Collection
995 _D0.00
_FCBU-MAIN LIBRARY (Kitwe)
_H1
_I10.80
_M2
_UDAMAGED
_ZMain Library Open Access Collection
995 _D0.00
_FCBU-MAIN LIBRARY (Kitwe)
_H3
_I10.80
_M3
_UDAMAGED
_ZMain Library Open Access Collection
999 _c81652
_d81652